| 000 | 00441nam a22001817a 4500 | ||
|---|---|---|---|
| 003 | koha_MIRAKIL | ||
| 005 | 20231213065316.0 | ||
| 008 | 231213b |||||||| |||| 00| 0 ||| d | ||
| 020 | _b9-75920115-1 | ||
| 040 |
_aTR-IsEVY _btur _cTR-IsEVY |
||
| 082 | _a910 KUR/D | ||
| 100 | _aKURAL, ORHAN. | ||
| 245 | 0 | _aDÜNYA DÖNDÜKÇE İNSAN GEZDİKÇE. | |
| 260 |
_bBERİL, _c1995 |
||
| 300 | _a288. | ||
| 650 | _aCoğrafya. | ||
| 942 |
_2ddc _cBK |
||
| 999 |
_c1484 _d1484 |
||